[Event "Elitserien Allsvenskan 2018-19"]
[Site "Sweden"]
[Date "2018.11.11"]
[Round "3"]
[White "Hedman, Erik"]
[Black "Thorn, Eric"]
[Result "1/2-1/2"]
[WhiteElo "2372"]
[BlackElo "2300"]
[Annotator "NA"]
[PlyCount "80"]
[EventDate "2018.11.09"]
[EventType "team-tourn"]
[EventCountry "SWE"]
[SourceTitle "playchess.com"]
[Source "ChessBase"]
[SourceQuality "1"]
[TimeControl "40/5400+30:1800+30"]

1. d4 {[%emt 0:00:00]} Nf6 {[%emt 0:00:25]} 2. c4 {[%emt 0:00:00]} e6 {[%emt 0:00:37]} 3. Nf3 {[%emt 0:00:00]} d5 {[%emt 0:00:18]} 4. g3 {[%emt 0:00:48]} Be7 {[%emt 0:00:07]} 5. Bg2 {[%emt 0:00:14]} O-O {[%emt 0:01:35]} 6. O-O {[%emt 0:03:31]} dxc4 {[%emt 0:00:16]} 7. Qc2 {[%emt 0:00:40]} a6 {[%emt 0:00:23]} 8. a4 {[%emt 0:00:23]} Bd7 {[%emt 0:00:07]} 9. Qxc4 {[%emt 0:01:30]} Bc6 {[%emt 0:00:46]} 10. Bf4 {[%emt 0:00:37]} Bd6 {[%emt 0:01:26]} 11. Qc1 {[%emt 0:00:28]} a5 {[%emt 0:04:07]} 12. Bd2 {[%emt 0:01:21]} Qe7 {[%emt 0:05:54]} 13. Nc3 {[%emt 0:09:29]} Na6 {[%emt 0:05:22]} 14. Bg5 {[%emt 0:01:16]} h6 {[%emt 0:07:46]} 15. Bxf6 {[%emt 0:07:16]} Qxf6 {[%emt 0:00:29]} 16. e4 {[%emt 0:00:22]} e5 {[%emt 0:02:37]} 17. dxe5 {[%emt 0:19:40]} Bxe5 {[%emt 0:00:20]} 18. Nxe5 {[%emt 0:00:04]} Qxe5 {[%emt 0:00:08]} 19. Qe3 {[%emt 0:00:18]} Rad8 {[%emt 0:05:01]} 20. Rfd1 {[%emt 0:08:31]} Qc5 {[%emt 0:07:34]} 21. Qe2 {[%emt 0:01:19]} Qb4 {[%emt 0:03:07]} 22. e5 {[%emt 0:02:58]} Bxg2 {[%emt 0:03:26]} 23. Kxg2 {[%emt 0:00:02]} c6 {[%emt 0:03:19]} 24. Ne4 {[%emt 0:04:48]} Nc5 {[%emt 0:11:05]} 25. Nxc5 {[%emt 0:09:21]} Qxc5 {[%emt 0:00:11]} 26. e6 {[%emt 0:04:08]} Qe7 {[%emt 0:13:47]} 27. exf7+ {[%emt 0:02:49]} Qxf7 {[%emt 0:00:43]} 28. Rxd8 {[%emt 0:06:07]} Rxd8 {[%emt 0:00:22]} 29. Qe3 {[%emt 0:02:03]} Re8 {[%emt 0:10:51]} 30. Qd3 {[%emt 0:02:36]} Qe6 {[%emt 0:05:31]} 31. Kg1 {[%emt 0:00:14]} Kh8 {[%emt 0:05:55]} 32. Qc3 {[%emt 0:01:42]} Qe5 {[%emt 0:00:38]} 33. Qb3 {[%emt 0:00:10]} Re7 {[%emt 0:01:10]} 34. Rd1 {[%emt 0:00:12]} Kh7 {[%emt 0:00:20]} 35. h4 {[%emt 0:01:07]} Qe2 {[%emt 0:00:57]} 36. Rd8 {[%emt 0:01:11]} Qe1+ {[%emt 0:00:42]} 37. Kg2 {[%emt 0:00:01]} Qe4+ {[%emt 0:00:05]} 38. Kg1 {[%emt 0:00:32]} Qe1+ {[%emt 0:00:19]} 39. Kg2 {[%emt 0:00:05]} Qe4+ {[%emt 0:00:04]} 40. Kg1 {[%emt 0:00:22]} Qe1+ {[%emt 0:00:06]} 1/2-1/2

[Event "Elitserien Allsvenskan 2018-19"]
[Site "Sweden"]
[Date "2018.11.11"]
[Round "3"]
[White "Seo, Jung Min"]
[Black "Bator, Robert"]
[Result "1-0"]
[WhiteElo "2369"]
[BlackElo "2384"]
[Annotator "NA"]
[PlyCount "189"]
[EventDate "2018.11.09"]
[EventType "team-tourn"]
[EventCountry "SWE"]
[SourceTitle "playchess.com"]
[Source "ChessBase"]
[SourceQuality "1"]
[TimeControl "40/5400+30:1800+30"]

1. Nf3 {[%emt 0:00:00]} d5 {[%emt 0:00:00]} 2. d4 {[%emt 0:00:00]} Nf6 {[%emt 0:00:31]} 3. c4 {[%emt 0:00:32]} c6 {[%emt 0:00:06]} 4. Qb3 {[%emt 0:01:35]} dxc4 {[%emt 0:01:46]} 5. Qxc4 {[%emt 0:00:25]} Bf5 {[%emt 0:00:43]} 6. g3 {[%emt 0:02:42]} e6 {[%emt 0:01:01]} 7. Bg2 {[%emt 0:00:52]} Be7 {[%emt 0:04:20]} 8. O-O {[%emt 0:00:59]} O-O {[%emt 0:00:37]} 9. Nc3 {[%emt 0:02:12]} Nbd7 {[%emt 0:00:58]} 10. Re1 {[%emt 0:05:04]} Ne4 {[%emt 0:07:00]} 11. Qb3 {[%emt 0:04:21]} Qb6 {[%emt 0:02:28]} 12. Nh4 {[%emt 0:15:31]} Bxh4 {[%emt 0:09:15]} 13. gxh4 {[%emt 0:09:44]} Nef6 {[%emt 0:19:02]} 14. e4 {[%emt 0:12:21]} Bg6 {[%emt 0:49:13]} 15. Qxb6 {[%emt 0:01:30]} axb6 {[%emt 0:00:00]} 16. Bf4 {[%emt 0:01:27]} Rfc8 {[%emt 0:00:00]} 17. a4 {[%emt 0:15:54]} h6 {[%emt 0:00:00]} 18. Rad1 {[%emt 0:01:49]} Ra5 {[%emt 0:00:00]} 19. Bd6 {[%emt 0:03:19]} Ne8 {[%emt 0:00:00]} 20. Bg3 {[%emt 0:00:28]} f6 {[%emt 0:00:00]} 21. Bh3 {[%emt 0:00:49]} Nf8 {[%emt 0:00:00]} 22. d5 {[%emt 0:07:03]} Bf7 {[%emt 0:00:00]} 23. f4 {[%emt 0:01:27]} cxd5 {[%emt 0:00:00]} 24. exd5 {[%emt 0:00:19]} f5 {[%emt 0:00:00]} 25. Bf2 {[%emt 0:00:56]} exd5 {[%emt 0:00:00]} 26. Bxb6 {[%emt 0:01:06]} Rxc3 {[%emt 0:00:00]} 27. bxc3 {[%emt 0:00:08]} Rxa4 {[%emt 0:00:00]} 28. Bd4 {[%emt 0:01:15]} Ng6 {[%emt 0:00:00]} 29. Bxf5 {[%emt 0:00:25]} Nxf4 {[%emt 0:00:00]} 30. Bd7 {[%emt 0:00:54]} Ra8 {[%emt 0:00:00]} 31. Rd2 {[%emt 0:03:25]} Nf6 {[%emt 0:00:45]} 32. Bxf6 {[%emt 0:01:28]} gxf6 {[%emt 0:00:03]} 33. Rf1 {[%emt 0:00:17]} Ng6 {[%emt 0:02:26]} 34. Rg2 {[%emt 0:01:46]} Kf8 {[%emt 0:00:48]} 35. Rxf6 {[%emt 0:00:10]} Ke7 {[%emt 0:00:12]} 36. Rf1 {[%emt 0:00:29]} Nxh4 {[%emt 0:05:14]} 37. Re2+ {[%emt 0:00:19]} Kxd7 {[%emt 0:00:02]} 38. Rxf7+ {[%emt 0:00:05]} Kd6 {[%emt 0:00:27]} 39. Rxb7 {[%emt 0:00:59]} Rg8+ {[%emt 0:00:26]} 40. Kf2 {[%emt 0:00:26]} Nf5 {[%emt 0:01:51]} 41. Rf7 {[%emt 0:31:21]} Nh4 {[%emt 0:05:02]} 42. Rf6+ {[%emt 0:00:00]} Kc5 {[%emt 0:00:08]} 43. Rxh6 {[%emt 0:00:00]} Rf8+ {[%emt 0:02:21]} 44. Ke1 {[%emt 0:00:00]} Nf3+ {[%emt 0:01:45]} 45. Kd1 {[%emt 0:00:00]} d4 {[%emt 0:04:38]} 46. cxd4+ {[%emt 0:00:00]} Nxd4 {[%emt 0:01:00]} 47. Rg2 {[%emt 0:00:00]} Nf5 {[%emt 0:02:35]} 48. Rh5 {[%emt 0:00:00]} Kd4 {[%emt 0:00:35]} 49. Rf2 {[%emt 0:00:00]} Ke4 {[%emt 0:01:03]} 50. Ke1 {[%emt 0:00:00]} Rf7 {[%emt 0:00:19]} 51. Rg5 {[%emt 0:00:00]} Nh6 {[%emt 0:09:41]} 52. Rxf7 {[%emt 0:00:00]} Nxf7 {[%emt 0:00:02]} 53. Rg1 {[%emt 0:00:00]} Ne5 {[%emt 0:00:22]} 54. Ke2 {[%emt 0:00:00]} Kf4 {[%emt 0:00:12]} 55. h3 {[%emt 0:00:00]} Kf5 {[%emt 0:00:10]} 56. Rg3 {[%emt 0:00:00]} Ng6 {[%emt 0:00:11]} 57. Kf2 {[%emt 0:00:00]} Nh4 {[%emt 0:00:32]} 58. Rg4 {[%emt 0:00:00]} Ng6 {[%emt 0:00:09]} 59. Kg3 {[%emt 0:00:00]} Kf6 {[%emt 0:00:47]} 60. h4 {[%emt 0:00:00]} Ne5 {[%emt 0:01:09]} 61. Rg5 {[%emt 0:00:00]} Nf7 {[%emt 0:00:22]} 62. Rg8 {[%emt 0:00:00]} Nh6 {[%emt 0:00:04]} 63. Rg5 {[%emt 0:00:00]} Nf7 {[%emt 0:00:05]} 64. Ra5 {[%emt 0:00:00]} Kg6 {[%emt 0:00:35]} 65. Kf4 {[%emt 0:00:00]} Nh6 {[%emt 0:01:23]} 66. h5+ {[%emt 0:00:00]} Kg7 {[%emt 0:01:02]} 67. Ra7+ {[%emt 0:00:00]} Kf6 {[%emt 0:02:41]} 68. Rb7 {[%emt 0:00:00]} Nf7 {[%emt 0:00:24]} 69. Rb6+ {[%emt 0:00:00]} Kg7 {[%emt 0:00:08]} 70. Rg6+ {[%emt 0:00:00]} Kh7 {[%emt 0:00:05]} 71. Kf5 {[%emt 0:00:00]} Nh6+ {[%emt 0:00:16]} 72. Kg5 {[%emt 0:00:00]} Nf7+ {[%emt 0:00:07]} 73. Kf6 {[%emt 0:00:00]} Nh6 {[%emt 0:00:59]} 74. Rg7+ {[%emt 0:00:00]} Kh8 {[%emt 0:00:10]} 75. Kg6 {[%emt 0:00:00]} Ng4 {[%emt 0:01:35]} 76. Ra7 {[%emt 0:00:00]} Ne5+ {[%emt 0:00:10]} 77. Kf5 {[%emt 0:00:00]} Nf3 {[%emt 0:00:37]} 78. Kg6 {[%emt 0:00:00]} Ne5+ {[%emt 0:00:25]} 79. Kf6 {[%emt 0:00:00]} Nf3 {[%emt 0:00:37]} 80. Re7 {[%emt 0:00:00]} Kg8 {[%emt 0:00:10]} 81. Rg7+ {[%emt 0:00:00]} Kh8 {[%emt 0:00:03]} 82. Rg3 {[%emt 0:00:00]} Nd4 {[%emt 0:00:17]} 83. Kg6 {[%emt 0:00:00]} Ne6 {[%emt 0:00:16]} 84. Ra3 {[%emt 0:00:00]} Nf4+ {[%emt 0:01:34]} 85. Kh6 {[%emt 0:00:00]} Kg8 {[%emt 0:00:09]} 86. Ra8+ {[%emt 0:00:00]} Kf7 {[%emt 0:00:07]} 87. Rb8 {[%emt 0:00:00]} Ne6 {[%emt 0:01:14]} 88. Kh7 {[%emt 0:00:00]} Nf8+ {[%emt 0:01:07]} 89. Kh8 {[%emt 0:00:00]} Ne6 {[%emt 0:00:06]} 90. h6 {[%emt 0:00:00]} Nf4 {[%emt 0:04:20]} 91. Rb7+ {[%emt 0:00:00]} Kf8 {[%emt 0:00:13]} 92. Kh7 {[%emt 0:00:00]} Nd5 {[%emt 0:01:05]} 93. Rg7 {[%emt 0:00:00]} Nf4 {[%emt 0:00:19]} 94. Rg4 {[%emt 0:00:00]} Nd3 {[%emt 0:00:21]} 95. Rg1 {[%emt 0:00:00]} 1-0

[Event "Elitserien Allsvenskan 2018-19"]
[Site "Sweden"]
[Date "2018.11.11"]
[Round "3"]
[White "Laveryd, Peter"]
[Black "Sjodahl, Pontus"]
[Result "1-0"]
[WhiteElo "2368"]
[BlackElo "2410"]
[Annotator "TA"]
[PlyCount "75"]
[EventDate "2018.11.09"]
[EventType "team-tourn"]
[EventCountry "SWE"]
[SourceTitle "playchess.com"]
[Source "ChessBase"]
[SourceQuality "1"]

{[%evp 12,75,0,-4,77,92,157,121,135,148,157,108,141,88,129,125,206,0,0,0,0,0,6,43,23,14,115,86,209,23,85,81,86,-75,0,-97,-87,-97,-80,-90,-90,-100,33,22,203,192,263,279,203,234,689,658,695,695,29967,29968,29971,29968,29987,29988,29988,29989,29989,29971,29940,6211]} 1. d4 Nf6 2. Nf3 d5 3. Bf4 c5 4. e3 Nc6 5. Nbd2 (5. c3 e6 6. Nbd2 cxd4 7. exd4 Nh5 8. Bg5 f6 9. Be3 Bd6 10. Bb5 O-O 11. O-O Ne7 12. Re1 Bd7 13. Bd3 g6 14. Bh6 Rf7 {½-½ (83) Caruana,F (2822)-Aronian,L (2767) chess.com INT 2018}) 5... Qb6 6. dxc5 {D02: 1 d4 d5 2 Nf3 sidelines, including 2...Nf6 3 g3 and 2...Nf6 3 Bf4} Qxb2 7. Rb1 {LiveBook: 58 Games} Qxa2 (7... Qc3 $11) 8. Bb5 $16 {White is better.} Qa5 (8... a6 $142 9. Bxc6+ bxc6) 9. O-O Bd7 10. c4 Qd8 11. Ne5 $146 {Ndf3 is the strong threat.} ({Predecessor:} 11. Ba4 Qc8 12. Bg5 dxc4 {1-0 (33) Kanakaris,G (2359)-Krallis,C (2244) Kavala 2017}) 11... e6 12. Bxc6 (12. Ndf3 $142 dxc4 13. Bxc4) 12... bxc6 13. Rb7 Bxc5 (13... Qc8 $16 14. Qb3 Bxc5) 14. Nb3 $2 (14. Qa4 $18) 14... Bb6 $1 $11 15. c5 Qc8 16. Rxd7 $1 Nxd7 17. cxb6 axb6 18. Qg4 $1 {[%cal Rg4g7]} Kf8 (18... Nxe5 $11 {remains equal.} 19. Bxe5 Rg8) 19. Nd4 $16 c5 (19... Nxe5 $16 {was necessary.} 20. Bxe5 Rg8) 20. Nb5 $2 (20. Nec6 $1 $18 cxd4 21. Bd6+ Ke8 22. Qxg7) 20... Nxe5 (20... Nf6 $1 $11 21. Qf3 Ne8) 21. Bxe5 f6 22. Bd6+ $2 (22. Nc7 $1 $16 {[%cal Rc7e6] is necessary to keep the advantage.} fxe5 23. Nxa8 Qxa8 24. Qxe6) 22... Kf7 (22... Kg8 $17 {Hoping for ...h5.} 23. Nc7 h5) 23. Bg3 (23. Qh5+ $1 $11 g6 24. Qf3) 23... Qd7 $17 24. Nd6+ Kg8 25. h4 {[#]} h5 $1 {[%cal Rh5g4]} 26. Qd1 g6 ({Better is} 26... b5 $17 {White must now prevent ...Ra6.} 27. Qc2 c4) 27. e4 $14 Qc6 $2 {[#]} (27... d4 $11 {and Black is okay.}) 28. exd5 $1 $40 {[%mdl 128] White goes for the king.} Qxd5 (28... exd5 {might work better.} 29. Qf3 Rf8) 29. Qb1 Kg7 30. Qxb6 Rhf8 $2 (30... e5) 31. Qc7+ Kg8 32. Rb1 Qd2 33. Rb7 {[%csl Gb7][%cal Rc7h7] White mates.} Qh6 34. Qd7 Ra1+ 35. Kh2 Re1 36. f3 Re2 37. Ne4 Kh8 38. Qxe6 {Precision: White = 59%, Black = 22%.} 1-0

[Event "Elitserien Allsvenskan 2018-19"]
[Site "Sweden"]
[Date "2018.11.11"]
[Round "3"]
[White "Schneider, Stefan"]
[Black "Nygren, David"]
[Result "1-0"]
[WhiteElo "2365"]
[BlackElo "2288"]
[Annotator "NA"]
[PlyCount "61"]
[EventDate "2018.11.09"]
[EventType "team-tourn"]
[EventCountry "SWE"]
[SourceTitle "playchess.com"]
[Source "ChessBase"]
[SourceQuality "1"]
[TimeControl "40/5400+30:1800+30"]

1. d4 {[%emt 0:00:00]} Nf6 {[%emt 0:00:00]} 2. Nf3 {[%emt 0:00:00]} c5 {[%emt 0:00:41]} 3. d5 {[%emt 0:00:05]} e6 {[%emt 0:00:28]} 4. Nc3 {[%emt 0:00:23]} exd5 {[%emt 0:03:58]} 5. Nxd5 {[%emt 0:00:02]} Nc6 {[%emt 0:03:23]} 6. Bg5 {[%emt 0:13:48]} Be7 {[%emt 0:03:54]} 7. Nxe7 {[%emt 0:06:34]} Qxe7 {[%emt 0:00:17]} 8. c4 {[%emt 0:00:25]} d6 {[%emt 0:04:43]} 9. e3 {[%emt 0:02:35]} O-O {[%emt 0:05:34]} 10. Be2 {[%emt 0:03:31]} Be6 {[%emt 0:03:51]} 11. O-O {[%emt 0:04:27]} Rfd8 {[%emt 0:02:12]} 12. Qc2 {[%emt 0:12:24]} h6 {[%emt 0:06:00]} 13. Bh4 {[%emt 0:01:07]} d5 {[%emt 0:18:48]} 14. a3 {[%emt 0:04:23]} d4 {[%emt 0:05:22]} 15. Rae1 {[%emt 0:13:57]} dxe3 {[%emt 0:10:04]} 16. fxe3 {[%emt 0:03:18]} Bg4 {[%emt 0:04:59]} 17. Bd3 {[%emt 0:12:46]} Bxf3 {[%emt 0:05:30]} 18. gxf3 {[%emt 0:00:17]} Rd6 {[%emt 0:02:02]} 19. Bf5 {[%emt 0:05:31]} Rad8 {[%emt 0:01:31]} 20. Re2 {[%emt 0:00:28]} Re8 {[%emt 0:04:53]} 21. Rff2 {[%emt 0:02:00]} Ne5 {[%emt 0:02:23]} 22. Rf1 {[%emt 0:02:13]} Red8 {[%emt 0:02:24]} 23. b3 {[%emt 0:04:57]} Re8 {[%emt 0:02:24]} 24. Kh1 {[%emt 0:02:33]} Qd8 {[%emt 0:01:27]} 25. Rg2 {[%emt 0:00:48]} Kh8 {[%emt 0:02:39]} 26. f4 {[%emt 0:00:37]} Nc6 {[%emt 0:00:41]} 27. Rfg1 {[%emt 0:00:14]} Rg8 {[%emt 0:01:45]} 28. Bh7 {[%emt 0:01:07]} Re8 {[%emt 0:01:35]} 29. Rxg7 {[%emt 0:00:25]} Qc8 {[%emt 0:00:28]} 30. Bf5 {[%emt 0:01:25]} Qd8 {[%emt 0:00:22]} 31. Bxf6 {[%emt 0:00:37]} 1-0

[Event "Elitserien Allsvenskan 2018-19"]
[Site "Sweden"]
[Date "2018.11.11"]
[Round "3"]
[White "Wickstrom, Lucas"]
[Black "Lindgren, Philip"]
[Result "0-1"]
[WhiteElo "2356"]
[BlackElo "2374"]
[Annotator "NA"]
[PlyCount "40"]
[EventDate "2018.11.09"]
[EventType "team-tourn"]
[EventCountry "SWE"]
[SourceTitle "playchess.com"]
[Source "ChessBase"]
[SourceQuality "1"]
[TimeControl "40/5400+30:1800+30"]

1. d4 {[%emt 0:00:00]} Nf6 {[%emt 0:00:00]} 2. Nf3 {[%emt 0:05:09]} d5 {[%emt 0:01:22]} 3. c4 {[%emt 0:01:45]} e6 {[%emt 0:00:30]} 4. cxd5 {[%emt 0:01:09]} exd5 {[%emt 0:00:08]} 5. Nc3 {[%emt 0:00:15]} c6 {[%emt 0:01:00]} 6. Bg5 {[%emt 0:00:44]} Nbd7 {[%emt 0:01:55]} 7. e3 {[%emt 0:00:27]} h6 {[%emt 0:02:21]} 8. Bh4 {[%emt 0:00:13]} Bd6 {[%emt 0:06:26]} 9. Bd3 {[%emt 0:02:56]} Nb6 {[%emt 0:01:53]} 10. Ne5 {[%emt 0:06:35]} Be6 {[%emt 0:13:29]} 11. f4 {[%emt 0:06:38]} g5 {[%emt 0:05:12]} 12. fxg5 {[%emt 0:15:31]} Bxe5 {[%emt 0:03:05]} 13. g6 {[%emt 0:01:09]} Bd6 {[%emt 0:03:13]} 14. O-O {[%emt 0:08:08]} Be7 {[%emt 0:08:59]} 15. Qf3 {[%emt 0:11:28]} Nbd7 {[%emt 0:02:59]} 16. e4 {[%emt 0:01:43]} Qb6 {[%emt 0:09:29]} 17. Rae1 {[%emt 0:05:03]} Ne5 {[%emt 0:03:40]} 18. Qe3 {[%emt 0:06:04]} Nfg4 {[%emt 0:02:19]} 19. gxf7+ {[%emt 0:00:17]} Bxf7 {[%emt 0:01:57]} 20. Rxf7 {[%emt 0:00:25]} Bxh4 {[%emt 0:03:15]} 0-1

[Event "Elitserien Allsvenskan 2018-19"]
[Site "Sweden"]
[Date "2018.11.11"]
[Round "3"]
[White "Hjelm, Niclas"]
[Black "Jogstad, Martin"]
[Result "1-0"]
[WhiteElo "2338"]
[BlackElo "2274"]
[Annotator "TA"]
[PlyCount "151"]
[EventDate "2018.11.09"]
[EventType "team-tourn"]
[EventCountry "SWE"]
[SourceTitle "playchess.com"]
[Source "ChessBase"]
[SourceQuality "1"]

{[%evp 22,151,-1,-1,-10,-2,-3,-21,0,-2,0,0,0,0,0,0,0,0,0,0,0,0,1,3,3,3,26,0,0,0,0,0,16,16,16,18,18,18,50,7,160,0,0,0,0,0,0,-91,0,-10,7,7,8,15,9,8,25,19,25,27,170,170,170,170,233,233,442,437,1206,391,1199,1190,1074,1104,965,1186,1178,1117,1137,827,12832,2132,2120,2010,2120,2108,1979,1975,1985,1939,1633,1636,1595,1915,1399,1412,1975,997,1677,1886,1677,1515,1437,822,1577,1547,12839,12839,12839,12839,12844,12844,12844,12839,12845,12839,12842,12843,12843,12843,12844,12843,12845,12845,12847,12847,12847,12848,12848,12848,29997,29998]} 1. d4 d5 2. c4 c6 3. cxd5 cxd5 4. Bf4 Nc6 {[%cal Bb8c6,Bc6a5,Ba5c4][%mdl 32]} 5. e3 Nf6 6. Nc3 Bf5 7. Qb3 Na5 8. Qa4+ Bd7 9. Bb5 Nc4 {D10: Slav Defence: 3 cxd5 (without early Nf3) and 3 Nc3} 10. Nf3 e6 11. Ne5 Nxe5 12. Bxe5 {LiveBook: 3 Games} a6 13. Bxd7+ Nxd7 14. Bg3 {[#]} b5 $146 ({Predecessor:} 14... Be7 15. O-O Rc8 16. Rfc1 Rc4 17. Qd1 {½-½ (31) Brunello,S (2552)-Najer,E (2635) Las Vegas 2014}) 15. Qd1 Bb4 16. a4 O-O 17. axb5 axb5 18. O-O Rxa1 19. Qxa1 Qb6 20. Rc1 Rc8 21. Ne2 Qb7 22. Nf4 Bf8 23. Nd3 b4 24. b3 Rxc1+ 25. Qxc1 Qa6 26. Qd1 Qb5 27. h3 h6 28. Qc2 Nf6 29. f3 Nd7 30. Kf2 Nb8 $2 {[#]} (30... Qa6 $11) 31. Bxb8 $2 ({White has to play} 31. Qc8 $1 $16 Nd7 32. Ne5 Nxe5 33. Bxe5) 31... Qxb8 $11 32. Qc6 Qa7 33. Qc2 Bd6 34. Nc5 {[#]} (34. Qc8+ $11 {keeps the balance.} Kh7 35. Qc1) 34... Qc7 (34... e5 $1 $17 {Black wants to play ...exd4.} 35. Qc1 Qa2+ 36. Kg1 exd4 37. exd4 g6) 35. f4 Bxf4 36. exf4 Qxf4+ 37. Ke2 {Black must now prevent Qd2.} Qxd4 38. Nd3 Qe4+ 39. Kf1 e5 40. Qe2 {aiming for Qxe4.} Qf5+ (40... Qd4 $11 {and Black is okay.}) 41. Qf3 $18 Qe6 {Strongly threatening ...e4.} 42. Nxb4 e4 (42... d4 $142) 43. Qc3 e3 $2 (43... d4 44. Qxd4 Qxb3 45. Qxe4 Qd1+ 46. Kf2 Qd2+ 47. Kg3 Qc3+ 48. Nd3 g6) 44. Ke2 Qg6 ({Much worse is} 44... Qe4 45. Qc8+ Kh7 46. Qc2 $18) (44... h5 $142 45. Qd4 Qf5) 45. Qc8+ Kh7 46. Qc2 f5 47. g4 Qd6 48. Qxf5+ Kh8 49. Nxd5 Qh2+ 50. Kxe3 Qxh3+ 51. Qf3 Qh4 52. Nf4 {Threatening mate with Ng6+.} Qe1+ 53. Ne2 Qa1 54. Qf8+ Kh7 55. Qf5+ Kh8 56. Qc5 Qb2 57. b4 Qb3+ 58. Kf2 Qh3 59. Qf8+ Kh7 60. Qf3 Qh2+ 61. Kf1 Qd6 62. Qf5+ Kg8 63. b5 Qb4 64. Qe6+ Kh8 65. b6 Qb1+ 66. Kf2 {White wants to mate with Qc8+.} Qh1 67. Qc8+ Kh7 68. Qf5+ Kh8 69. Qf3 Qh2+ 70. Kf1 Qd6 71. b7 Qb4 72. Qc6 {Intending Qc8+ and mate.} Qb1+ 73. Kf2 {Qe8+ would kill now.} Kh7 74. Qc7 Qb2 75. b8=Q Qb1 76. Qxb1+ {Precision: White = 79%, Black = 38%.} 1-0

[Event "Elitserien Allsvenskan 2018-19"]
[Site "Sweden"]
[Date "2018.11.11"]
[Round "3"]
[White "Bellon Lopez, Juan Manuel"]
[Black "De Verdier, Michael"]
[Result "1/2-1/2"]
[WhiteElo "2337"]
[BlackElo "2277"]
[Annotator "NA"]
[PlyCount "91"]
[EventDate "2018.11.09"]
[EventType "team-tourn"]
[EventCountry "SWE"]
[SourceTitle "playchess.com"]
[Source "ChessBase"]
[SourceQuality "1"]
[TimeControl "40/5400+30:1800+30"]

1. d4 {[%emt 1:30:30]} d5 {[%emt 0:02:44]} 2. Bf4 {[%emt 0:00:00]} Nf6 {[%emt 0:00:58]} 3. e3 {[%emt 0:00:00]} e6 {[%emt 0:00:06]} 4. Nd2 {[%emt 0:00:00]} Bd6 {[%emt 0:00:18]} 5. Bg3 {[%emt 0:00:00]} O-O {[%emt 0:01:02]} 6. Ngf3 {[%emt 0:00:00]} b6 {[%emt 0:00:19]} 7. c3 {[%emt 0:00:00]} c5 {[%emt 0:02:17]} 8. Ne5 {[%emt 0:00:00]} Qc7 {[%emt 0:06:07]} 9. a4 {[%emt 0:00:00]} Ba6 {[%emt 0:12:49]} 10. Bxa6 {[%emt 0:00:00]} Nxa6 {[%emt 0:00:02]} 11. O-O {[%emt 0:00:00]} Nb8 {[%emt 0:07:11]} 12. Nd3 {[%emt 0:00:00]} Bxg3 {[%emt 0:15:41]} 13. hxg3 {[%emt 0:00:00]} Nbd7 {[%emt 0:12:50]} 14. g4 {[%emt 0:00:00]} e5 {[%emt 0:06:19]} 15. g5 {[%emt 0:00:00]} Ne4 {[%emt 0:02:15]} 16. dxe5 {[%emt 0:00:00]} Nxe5 {[%emt 0:01:48]} 17. Nxe5 {[%emt 0:00:00]} Nxd2 {[%emt 0:01:49]} 18. Qxd2 {[%emt 0:00:00]} Qxe5 {[%emt 0:00:05]} 19. f4 {[%emt 0:00:00]} Qe4 {[%emt 0:01:03]} 20. a5 {[%emt 0:00:00]} Rad8 {[%emt 0:03:35]} 21. axb6 {[%emt 0:00:00]} axb6 {[%emt 0:00:03]} 22. Rad1 {[%emt 0:00:00]} f6 {[%emt 0:03:23]} 23. gxf6 {[%emt 0:00:00]} Rxf6 {[%emt 0:00:13]} 24. Qd3 {[%emt 0:00:00]} Re6 {[%emt 0:02:58]} 25. Kf2 {[%emt 0:00:00]} d4 {[%emt 0:02:46]} 26. exd4 {[%emt 0:00:00]} cxd4 {[%emt 0:02:40]} 27. Qxe4 {[%emt 0:00:29]} Rxe4 {[%emt 0:00:01]} 28. g3 {[%emt 0:00:30]} Rde8 {[%emt 0:02:11]} 29. Rxd4 {[%emt 0:05:56]} Re2+ {[%emt 0:00:23]} 30. Kf3 {[%emt 0:00:17]} Rxb2 {[%emt 0:01:45]} 31. Kg4 {[%emt 0:01:55]} Rc2 {[%emt 0:02:26]} 32. Rf3 {[%emt 0:02:35]} Rc8 {[%emt 0:00:27]} 33. Rdd3 {[%emt 0:00:36]} Re2 {[%emt 0:01:25]} 34. f5 {[%emt 0:00:57]} Kf7 {[%emt 0:01:13]} 35. Rd7+ {[%emt 0:01:05]} Re7 {[%emt 0:00:06]} 36. Rd6 {[%emt 0:00:45]} Rec7 {[%emt 0:01:35]} 37. Re3 {[%emt 0:00:45]} Re7 {[%emt 0:01:50]} 38. Red3 {[%emt 0:00:24]} Rc4+ {[%emt 0:00:39]} 39. Kg5 {[%emt 0:01:35]} h6+ {[%emt 0:01:04]} 40. Kh5 {[%emt 0:00:04]} Rec7 {[%emt 0:02:17]} 41. Rxb6 {[%emt 0:10:45]} Rxc3 {[%emt 0:01:43]} 42. Rbd6 {[%emt 0:04:53]} Rxd3 {[%emt 0:00:12]} 43. Rxd3 {[%emt 0:00:01]} Kf6 {[%emt 0:03:46]} 44. g4 {[%emt 0:03:47]} Rc1 {[%emt 0:01:06]} 45. Rd6+ {[%emt 0:01:21]} Kf7 {[%emt 0:00:05]} 46. Kh4 {[%emt 0:01:05]} 1/2-1/2